|
|
|
|
| LEADER |
00000cam a2200000 7i4500 |
| 001 |
0000000584 |
| 005 |
20151222.0 |
| 008 |
070702 |
| 020 |
|
|
|a 9833535070(set)
|
| 020 |
|
|
|a 9833535127
|
| 090 |
0 |
0 |
|a JF
|b AD MAL (33)
|
| 100 |
0 |
|
|a Nir Shahmer
|
| 245 |
1 |
0 |
|a Perompak di Teluk Penyamun
|c Nir Shahmer
|
| 260 |
|
|
|a Selangor :
|b Tulip Publications ,
|c 2006
|
| 440 |
|
|
|a Siri ekspedisi mencabar
|
| 500 |
|
|
|a Children ages 7-9 years old (orange)
|
| 650 |
|
0 |
|a Adventure stories
|
| 650 |
|
0 |
|a Malay fiction
|
| 650 |
|
0 |
|a Mystery and detective stories
|
| 999 |
|
|
|a 0000960524
|b Book
|c Children Collection
|e Perbadanan Perpustakaan Awam Johor
|
| 999 |
|
|
|a 0000960525
|b Book
|c Children Collection
|e Cawangan Bandar Tenggara
|
| 999 |
|
|
|a 0000960526
|b Book
|c Children Collection
|e Perbadanan Perpustakaan Awam Johor
|
| 999 |
|
|
|a 0000960527
|b Book
|c Children Collection
|e Cawangan Tangkak
|
| 999 |
|
|
|a 0000960528
|b Book
|c Children Collection
|e Perbadanan Perpustakaan Awam Johor
|